`New' lists for `old': (Re-)constructing the poor in the BPL census (Record no. 91562)

000 -LEADER
fixed length control field 01384pab a2200169 454500
008 - FIXED-LENGTH DATA ELEMENTS--GENERAL INFORMATION
fixed length control field 180718b2011 xxu||||| |||| 00| 0 eng d
100 ## - MAIN ENTRY--PERSONAL NAME
Personal name Roy, Indrajit
245 ## - TITLE STATEMENT
Title `New' lists for `old': (Re-)constructing the poor in the BPL census
260 ## - PUBLICATION, DISTRIBUTION, ETC.
Date of publication, distribution, etc. 2011
300 ## - PHYSICAL DESCRIPTION
Extent p.82-91.
362 ## - DATES OF PUBLICATION AND/OR SEQUENTIAL DESIGNATION
Dates of publication and/or sequential designation 28 May
520 ## - SUMMARY, ETC.
Summary, etc. This paper aims to understand the implications of implementing the Saxena Committee's recommendations in respect of identifying the poor in India. Relative to the one currently in use, the application of the proposed methodology appears to be more beneficial in general to social groups such as scheduled tribes, most backward classes and mahadalits, as well as those landowning households that might suffer from specific debilitating conditions. However, in some cases it is less sensitive to Muslims, non-mahadalit scheduled castes and agricultural labourers. These observations are based on the results of a census survey covering 4,500 households in 18 rural wards of Bihar and West Bengal. By comparing the subset of households classified as poor according to the 2002 and the 2009 methodologies, the paper analyses "moving in" and "moving out" of poverty lists according to occupational categories, caste groups and landowning profile of the poor. - Reproduced.
650 ## - SUBJECT ADDED ENTRY--TOPICAL TERM
Topical term or geographic name entry element Poverty
773 ## - HOST ITEM ENTRY
Main entry heading Economic and Political Weekly
908 ## - PUT COMMAND PARAMETER (RLIN)
Put command parameter N
909 ## -
-- 91562
Holdings
Withdrawn status Lost status Damaged status Not for loan Permanent Location Current Location Date acquired Serial Enumeration / chronology Barcode Date last seen Price effective from Koha item type
        Indian Institute of Public Administration Indian Institute of Public Administration 2018-07-19 Volume no: 46, Issue no: 22 AR92022 2018-07-19 2018-07-19 Articles

Powered by Koha